00720nam a2200217 a 450000100060000000300090000600800410001502000150005604000280007108200180009910000290011724500230014625000060016926000350017530000110021049000680022165000310028994200120032099900170033295201530034911202CO-ViMGA141112s2004 ck r 000 u spa d a8475221076 aCO-ViMGAbspacCO-ViMGA04aN 861.6 C17c61 aCardenal, Ernesto91558610aEl estrecho dudoso a2 aMadrid, cvisor libros, c1994 a142 p. acolección la encima y el mar - poeisa de España y América14aPOESIA NICARAGUENSE915587 2ddccBK c22414d22414 00102ddc40708003aMEVIECARbMEVIECARd2015-12-04hVolumen. 1 | 11/jun/2009l0oN 861.6 C17c6 p11202r2015-12-04 00:00:00tEj. 1w2015-12-04yBK